Kalkulácie a rozpočty
Gespeichert in:
| 1. Verfasser: | |
|---|---|
| Weitere Verfasser: | |
| Format: | Buch |
| Sprache: | Slowakisch |
| Veröffentlicht: |
Zvolen
Technická univerzita vo Zvolene
2015
|
| Ausgabe: | 1. vydanie |
| Schlagworte: | |
| Tags: |
Keine Tags, Fügen Sie das erste Tag hinzu!
|
MARC
| LEADER | 00000nam a2200000 4500 | ||
|---|---|---|---|
| 001 | 0315164 | ||
| 005 | 20260312142515.4 | ||
| 020 | |a 978-80-228-2801-7 | ||
| 041 | 0 | |a slo | |
| 044 | |a SK | ||
| 245 | 1 | 0 | |a Kalkulácie a rozpočty |c Marek Potkány, Lucia Krajčírová |
| 250 | |a 1. vydanie | ||
| 264 | 1 | |a Zvolen |b Technická univerzita vo Zvolene |c 2015 | |
| 300 | |a 197 s. | ||
| 610 | 2 | 0 | |a kalkulácia nákladov |
| 610 | 2 | 0 | |a účtovanie nákladov |
| 610 | 2 | 0 | |a rozpočtovníctvo |
| 610 | 2 | 0 | |a rozpočtovanie |
| 610 | 2 | 0 | |a rozpočty |
| 610 | 2 | 0 | |a rozpočet podnikový |
| 610 | 2 | 0 | |a metódy kalkulačné |
| 100 | 1 | |a Potkány, Marek | |
| 700 | 1 | |a Krajčírová, Lucia | |